000 00970cam a22002413a 4500
001 5319
003 PGUSA
005 20140828083118.0
008 040301s2004||||xxu|||||s|||||000 e eng d
040 _aPGUSA
_beng
042 _adc
050 4 _aPR
100 1 _aGrahame, Kenneth,
_d1859-1932
245 1 0 _aPagan Papers
_h[electronic resource] /
_cKenneth Grahame
260 _bProject Gutenberg,
_c2004
505 0 _aThe romance of the road -- The romance of the rail -- Non libri sed liberi -- Loafing -- Cheap knowledge -- The rural Pan -- Marginalia -- The eternal whither -- Deus terminus -- Of smoking -- An autumn encounter -- The white poppy -- A Bohemian in exile -- Justifiable homicide -- The fairy wicket -- Aboard the galley -- The lost centaur -- Orion
506 _aPublic domain in the USA.
516 _aElectronic text
653 _aEssays
830 0 _aProject Gutenberg
_v5319
856 4 0 _uhttp://www.gutenberg.org/ebooks/5319
942 _cEB
999 _c234648
_d234648